[Event "lets play chess"]
[Site "SchemingMind.com"]
[Date "2009.11.04"]
[Round "-"]
[White "Clive Everill"]
[Black "Naoki_M"]
[Result "0-1"]
[WhiteCountry "CZE"]
[BlackCountry "JPN"]
[WhiteElo "1669"]
[WhiteRD "49"]
[BlackElo "1793"]
[BlackRD "131"]
[GameID "225354"]

1. e4 e5 2. Nc3 Nf6 3. f4 d5 4. fxe5 Nxe4 5. Qf3 f5 6. d4 Bb4 7. Ne2 Nc6 8. Be3 h5 9. O-O-O Bxc3 10. Nxc3 Nxc3
11. bxc3 g5 12. Bd3 g4 13. Qf4 Be6 14. Bxf5 Bxf5 15. Qxf5 Ne7 16. Qe6 Qd7 17. Qxd7+ Kxd7 18. Rhe1 Rae8 19. Kd2 h4 20. Rb1 b6
21. Re2 Ke6 22. Rf1 Rhf8 23. Ref2 Rxf2+ 24. Rxf2 Nf5 25. Bf4 Rf8 26. Bg5 Rf7 27. Kd3 g3 28. hxg3 hxg3 29. Rf3 c5 30. Bf4 c4+
31. Kd2 a5 32. Ke2 b5 33. a3 a4 34. Bxg3 b4 35. axb4 a3 36. Bh2 Nxd4+ 37. cxd4 Rxf3
0-1

[Event "lets play chess"]
[Site "SchemingMind.com"]
[Date "2009.12.02"]
[Round "-"]
[White "Gaëtan Emond"]
[Black "roscoe"]
[Result "1-0"]
[WhiteCountry "CAN"]
[BlackCountry "USA"]
[WhiteElo "1640"]
[WhiteRD "70"]
[BlackElo "1484"]
[BlackRD "87"]
[GameID "229046"]

1. d4 d5 2. c4 e6 3. Nc3 Nf6 4. Bg5 h6 5. Bh4 Be7 6. Nf3 Ne4 7. Bxe7 Qxe7 8. cxd5 Nxc3 9. bxc3 exd5 10. e3 O-O
11. Bd3 Nc6 12. O-O b6 13. Bc2 Na5 14. Qd3 g6 15. Ne5 Qf6 16. Rab1 c6 17. f4 Bf5 18. Qe2 Bxc2 19. Qxc2 Nc4 20. Qd3 Qe6
21. f5 gxf5 22. Rxf5 Nd6 23. Rf3 f5 24. Rg3+ Kh8 25. Ng6+
1-0

[Event "lets play chess"]
[Site "SchemingMind.com"]
[Date "2009.12.02"]
[Round "-"]
[White "roscoe"]
[Black "Gaëtan Emond"]
[Result "0-1"]
[WhiteCountry "USA"]
[BlackCountry "CAN"]
[WhiteElo "1484"]
[WhiteRD "87"]
[BlackElo "1640"]
[BlackRD "70"]
[GameID "229048"]

1. Nf3 f5 2. d4 Nf6 3. e3 e6 4. g3 Be7 5. Bg2 O-O 6. O-O Ne4 7. Nc3 d5 8. Nxe4 fxe4 9. Ne5 Nc6 10. Nxc6 bxc6
11. a3 Ba6 12. Re1 Bg5 13. b3 Qf6 14. Qd2 Rf7 15. Bf1 Bc8 16. c4 Bd7 17. c5 Raf8 18. Re2 e5 19. Bb2 Bg4 20. dxe5 Qh6
21. Bg2 Bxe2
0-1

[Event "lets play chess"]
[Site "SchemingMind.com"]
[Date "2009.12.04"]
[Round "-"]
[White "Professor"]
[Black "capablanca"]
[Result "1-0"]
[WhiteCountry "USA"]
[BlackCountry "GER"]
[WhiteElo "2139"]
[WhiteRD "144"]
[BlackElo "1597"]
[BlackRD "55"]
[GameID "229395"]

1. d4 d5 2. c4 e6 3. Nc3 Nf6 4. cxd5 exd5 5. Bg5 Be7 6. e3 O-O 7. Bd3 c6 8. Qc2 Nbd7 9. Nge2 h6 10. Bh4 Nb6
11. a4 Bg4 12. f3 Bd7 13. O-O Ne8 14. Bf2 Nd6 15. b3 Re8 16. a5 Nbc8 17. e4 dxe4 18. fxe4 Rf8 19. e5 Ne8 20. d5 cxd5
21. Nxd5 Be6 22. Ndf4 Bd5 23. Rad1 Kh8 24. Bc4 Qxa5 25. Rxd5 Qc7 26. e6 Nb6 27. exf7 Nxd5 28. Ng6+
1-0

[Event "lets play chess"]
[Site "SchemingMind.com"]
[Date "2009.12.05"]
[Round "-"]
[White "capablanca"]
[Black "Professor"]
[Result "0-1"]
[WhiteCountry "GER"]
[BlackCountry "USA"]
[WhiteElo "1616"]
[WhiteRD "52"]
[BlackElo "2089"]
[BlackRD "155"]
[GameID "229399"]

1. e4 Nf6 2. e5 Nd5 3. c4 Nb6 4. d4 d6 5. Nf3 Bg4 6. Be2 c6 7. h3 Bxf3 8. Bxf3 dxe5 9. c5 N6d7 10. dxe5 Nxe5
11. Qxd8+ Kxd8 12. Be2 Ned7 13. Be3 e6 14. b4 a5 15. Bd2 axb4 16. Bxb4 Na6 17. Bxa6 Rxa6 18. Nc3 Bxc5 19. Bxc5 Nxc5 20. O-O Ke7
21. Rfd1 Rd8 22. Rxd8 Kxd8 23. Rd1+ Ke7 24. Kf1 Ra3 25. Rc1 Nd3 26. Rc2 Nf4 27. Ne4 Nd5 28. Nc5 b6 29. Nb3 Nb4
0-1

[Event "lets play chess"]
[Site "SchemingMind.com"]
[Date "2009.12.31"]
[Round "-"]
[White "Norsland"]
[Black "Chessic"]
[Result "1-0"]
[WhiteCountry "USA"]
[BlackCountry "INT"]
[WhiteElo "1994"]
[WhiteRD "86"]
[BlackElo "1578"]
[BlackRD "146"]
[GameID "232777"]

1. Nc3 d5 2. e4 d4 3. Nce2 e5 4. Nf3 Nc6 5. Ng3 Nf6 6. Bc4 Be7 7. d3 O-O 8. h3 a6 9. O-O b5 10. Bb3 a5
11. a4 b4 12. Bg5 h6 13. Bxf6 Bxf6 14. Bd5 Bd7 15. Nd2 Rb8 16. Bxc6 Bxc6 17. Nc4 Ra8 18. Nf5 Bd7 19. Qf3 Bxf5 20. Qxf5 g6
21. Qg4 h5 22. Qg3 Qe7 23. b3 Rfe8 24. f4 exf4 25. Qxf4 Bg5 26. Qf3 Rf8 27. Rae1 Ra6 28. Kh1 Rf6 29. Qe2 Ra8 30. Rf3 Rxf3
31. Qxf3 Ra6 32. Rf1 Rf6 33. Qe2 Ra6 34. Rf3 f5 35. Qf2 fxe4 36. dxe4 c5 37. e5 Kg7 38. g3 Ra8 39. Kh2 Ra6 40. h4 Bh6
41. Rf6 Re6 42. Rxe6 Qxe6 43. Qf6+ Qxf6 44. exf6+ Kxf6 45. Kg2 g5 46. hxg5+ Bxg5 47. Nxa5 Ke6 48. Nb7
1-0

[Event "lets play chess"]
[Site "SchemingMind.com"]
[Date "2009.12.31"]
[Round "-"]
[White "Chessic"]
[Black "Norsland"]
[Result "0-1"]
[WhiteCountry "INT"]
[BlackCountry "USA"]
[WhiteElo "1578"]
[WhiteRD "146"]
[BlackElo "1994"]
[BlackRD "86"]
[GameID "232782"]

1. e4 c5 2. Nf3 d6 3. d4 cxd4 4. Nxd4 Nf6 5. Nc3 a6 6. Bg5 e6 7. Qd2 Nbd7 8. O-O-O Qc7 9. Be2 b5 10. f4 Bb7
11. Bf3 b4 12. Nce2 Bxe4 13. Qxb4 Rb8 14. Qc3 Qxc3 15. Nxc3 Bxf3 16. Nxf3 Ng4 17. Rhe1 h6 18. Bh4 Be7 19. Bxe7 Kxe7 20. h3 Ngf6
21. g4 Rhc8 22. Ne4 Nxe4 23. Rxe4 Nc5 24. Red4 d5 25. Re1 Kd6 26. Nd2 f6 27. Nf3 a5 28. Kb1 Nd7 29. Red1 Nb6 30. R4d3 a4
31. Re1 Nc4 32. b3 Na3+ 33. Kb2 Nxc2 34. Rc1 a3+ 35. Kb1 Nb4 36. Rdc3 Rxc3 37. Rxc3 e5 38. f5 Nc6 39. Rc2 Rb4
0-1

[Event "lets play chess"]
[Site "SchemingMind.com"]
[Date "2010.01.23"]
[Round "-"]
[White "cnbcad"]
[Black "lemme howdt"]
[Result "0-1"]
[WhiteCountry "USA"]
[BlackCountry "USA"]
[WhiteElo "1722"]
[WhiteRD "60"]
[BlackElo "1653"]
[BlackRD "96"]
[GameID "235622"]

1. Nf3 Nf6 2. b3 d5 3. Bb2 Nc6 4. d3 Bg4 5. Nbd2 e6 6. h3 Bxf3 7. gxf3 Be7 8. e3 Qd7 9. Qe2 O-O-O 10. O-O-O d4
11. exd4 Nxd4 12. Qe3 Bc5 13. Qg5 Bf8 14. Nc4 Nxf3 15. Qa5 a6 16. Bg2 Nd4 17. Ne5 Qb5 18. Qxb5 Nxb5 19. Nxf7 Bb4 20. Nxh8 Rxh8
21. c4 Nc3 22. Bxc3 Bxc3 23. Kc2 Bd4 24. f4 Rf8 25. Rhf1 Nh5 26. Bf3 Nxf4 27. Bg4 g5 28. Rde1 Rf6 29. Re4 c5 30. h4 h6
31. h5 Kd7 32. a3 Ke7 33. b4 b6 34. b5 axb5 35. cxb5 e5 36. a4 Kd6 37. Bf3 Nd5 38. Kb3 Nc3 39. Ree1 Rf4 40. Be4 g4
41. Rxf4 exf4 42. Bg6 f3 43. Be4 Nxe4 44. dxe4 f2 45. Rd1 g3 46. a5 bxa5 47. Kc4 g2 48. b6 f1=Q+
0-1

[Event "lets play chess"]
[Site "SchemingMind.com"]
[Date "2010.01.22"]
[Round "-"]
[White "lemme howdt"]
[Black "cnbcad"]
[Result "0-1"]
[WhiteCountry "USA"]
[BlackCountry "USA"]
[WhiteElo "1637"]
[WhiteRD "90"]
[BlackElo "1762"]
[BlackRD "60"]
[GameID "235628"]

1. e4 c5 2. Nf3 g6 3. d4 cxd4 4. Qxd4 Nf6 5. Bc4 Bg7 6. Qd3 O-O 7. Nc3 Qa5 8. Bd2 Qb6 9. b3 Ng4 10. O-O Nc6
11. h3 Nge5 12. Be3 Nxd3 13. Bxb6 axb6 14. cxd3 Bxc3 15. Rac1 Nd4 16. Nxd4 Bxd4 17. a4 d6 18. Bb5 e5 19. Rc7 Bc5 20. Kh2 Be6
21. Bc4 Bxc4 22. dxc4 d5 23. cxd5 Rab8 24. f3 Rfc8 25. Rxc8+ Rxc8 26. Rd1 Bd6 27. Rd3 Rc2 28. Kg3 h5 29. Kh2 f5 30. Kg3 g5
31. Kh2 h4 32. Kg1 f4 33. Kh2= Bc5 34. Kh1 Rc1+ 35. Kh2 Bf2 36. d6 Bg3#
0-1

[Event "lets play chess"]
[Site "SchemingMind.com"]
[Date "2010.03.12"]
[Round "-"]
[White "aprendix"]
[Black "Frankygolucky"]
[Result "1-0"]
[WhiteCountry "ESP"]
[BlackCountry "GBR"]
[WhiteElo "2204"]
[WhiteRD "180"]
[BlackElo "1881"]
[BlackRD "105"]
[GameID "241267"]

1. e4 e6 2. d4 d5 3. e5 c5 4. c3 Nc6 5. Nf3 Bd7 6. Be2 Nge7 7. Na3 cxd4 8. cxd4 Nf5 9. Nc2 Nb4 10. Nxb4 Bxb4+
11. Bd2 Qb6 12. Bxb4 Qxb4+ 13. Qd2 Qxd2+ 14. Kxd2 Rc8 15. Bd3 Ne7 16. Rac1 O-O 17. h4 Nc6 18. h5 Rc7 19. h6 g6 20. Rc3 Rcc8
21. Rhc1 Nb4 22. Rxc8 Rxc8 23. Rxc8+ Bxc8 24. Bb5 Nc6 25. Bxc6 bxc6 26. Kc3 Ba6 27. Kb4 Be2 28. Ng5 Bc4 29. b3 Bd3 30. Kc5 Bb1
31. Kxc6 Bxa2 32. b4 a6 33. Kd7
1-0

[Event "lets play chess"]
[Site "SchemingMind.com"]
[Date "2010.03.12"]
[Round "-"]
[White "Frankygolucky"]
[Black "aprendix"]
[Result "0-1"]
[WhiteCountry "GBR"]
[BlackCountry "ESP"]
[WhiteElo "1881"]
[WhiteRD "105"]
[BlackElo "2204"]
[BlackRD "180"]
[GameID "241271"]

1. d4 d5 2. c4 c6 3. Nc3 Nf6 4. Nf3 e6 5. e3 Nbd7 6. Bd3 dxc4 7. Bxc4 b5 8. Bd3 Bb7 9. O-O b4 10. Ne4 c5
11. Nxf6+ gxf6 12. e4 cxd4 13. Nxd4 Bc5 14. Be3 Qb6 15. Nc2 Ne5 16. Qe2 O-O 17. Rad1 Rfd8 18. Bxc5 Qxc5 19. Ne3 Rxd3 20. Rxd3 Ba6
21. Rd8+ Rxd8 22. Qxa6 Rd4 23. Qb7 Rd2 24. Qb8+ Kg7 25. h4 Rxb2 26. Rd1 Rxf2 27. Rd8 Qxe3 28. Rg8+ Kh6 29. Qf8+ Kh5 30. Qg7 Rf4+
31. Kh2 Rxh4#
0-1

[Event "lets play chess"]
[Site "SchemingMind.com"]
[Date "2010.05.21"]
[Round "-"]
[White "Salva"]
[Black "spoke"]
[Result "1/2-1/2"]
[WhiteCountry "ESP"]
[BlackCountry "GER"]
[WhiteElo "1693"]
[WhiteRD "102"]
[BlackElo "1710"]
[BlackRD "68"]
[GameID "248994"]

1. d4 d5 2. Nf3 Nf6 3. e3 e6 4. Bd3 b6 5. O-O Ba6 6. Bxa6 Nxa6 7. c4 c6 8. Qa4 Nb8 9. Nc3 Be7 10. cxd5 Nxd5
11. Ne5 b5 12. Qc2 Nf6 13. e4 Qxd4 14. Bf4 O-O 15. Rad1 Qb6 16. h3 c5 17. a3 Nc6 18. Nd7 Nxd7 19. Rxd7 Rad8 20. Bc7 Qb7
21. Bxd8 Qxd7 22. Rd1 Nd4 23. Bxe7 Qxe7 24. Qd3 Rd8 25. e5 a6 26. a4 Nc6 27. Qe2 b4 28. Rxd8+ Qxd8 29. Ne4 a5 30. Nxc5 g6=
1/2-1/2

[Event "lets play chess"]
[Site "SchemingMind.com"]
[Date "2010.05.21"]
[Round "-"]
[White "spoke"]
[Black "Salva"]
[Result "0-1"]
[WhiteCountry "GER"]
[BlackCountry "ESP"]
[WhiteElo "1733"]
[WhiteRD "70"]
[BlackElo "1684"]
[BlackRD "102"]
[GameID "249037"]

1. e4 e5 2. Nf3 d6 3. d4 exd4 4. Qxd4 Nc6 5. Bb5 a6 6. Bxc6+ bxc6 7. Bg5 f6 8. Bh4 Ne7 9. O-O Bg4 10. Nbd2 c5
11. Qc4 d5 12. exd5 Nxd5 13. Rfe1+ Be7 14. Qxg4 O-O 15. c4 f5 16. Bxe7 Nxe7 17. Rad1 fxg4
0-1

[Event "lets play chess"]
[Site "SchemingMind.com"]
[Date "2010.08.22"]
[Round "-"]
[White "Professor"]
[Black "lemme howdt"]
[Result "1-0"]
[WhiteCountry "USA"]
[BlackCountry "USA"]
[WhiteElo "2231"]
[WhiteRD "99"]
[BlackElo "1666"]
[BlackRD "91"]
[GameID "258136"]

1. e4 e5 2. Nf3 Nc6 3. Bc4 Bc5 4. c3 Nf6 5. d3 h6 6. O-O d6 7. Re1 Bg4 8. Nbd2 Na5 9. Bb5+ c6 10. Ba4 b5
11. Bc2 Nb7 12. h3 a5 13. hxg4 Nxg4 14. d4 exd4 15. cxd4 Bb6 16. Nf1 h5 17. e5 O-O 18. Qd3 g6 19. e6 Qf6 20. Bg5 Qg7
21. Be7 Rfe8 22. exf7+ Qxf7 23. Qxg6+ Qxg6 24. Bxg6 Reb8 25. Bxh5 Nh6 26. Ng3 c5 27. Re6
1-0

[Event "lets play chess"]
[Site "SchemingMind.com"]
[Date "2010.08.22"]
[Round "-"]
[White "lemme howdt"]
[Black "Professor"]
[Result "0-1"]
[WhiteCountry "USA"]
[BlackCountry "USA"]
[WhiteElo "1666"]
[WhiteRD "91"]
[BlackElo "2231"]
[BlackRD "99"]
[GameID "258139"]

1. e4 Nf6 2. e5 Nd5 3. c4 Nb6 4. d4 d6 5. Nf3 Bg4 6. h3 Bxf3 7. Qxf3 Nc6 8. Qe4 dxe5 9. dxe5 Qd4 10. Qxd4 Nxd4
11. Bd3 Nd7 12. Be3 Nxe5 13. Kd2 O-O-O 14. Kc3 Nxd3 15. Bxd4 e5 16. Kxd3 Bc5 17. Nc3 Rxd4+ 18. Kc2 Rxc4 19. f3 Rd8 20. Rad1 Rcd4
21. Rde1 f6 22. a3 Rd2+ 23. Kb3 Rxg2
0-1

[Event "lets play chess"]
[Site "SchemingMind.com"]
[Date "2010.10.01"]
[Round "-"]
[White "Gaëtan Emond"]
[Black "aprendix"]
[Result "0-1"]
[WhiteCountry "CAN"]
[BlackCountry "ESP"]
[WhiteElo "1636"]
[WhiteRD "94"]
[BlackElo "2213"]
[BlackRD "196"]
[GameID "261787"]

1. d4 d5 2. c4 c6 3. Nc3 Nf6 4. Bg5 dxc4 5. Bxf6 exf6 6. e4 b5 7. Nf3 Be7 8. Be2 O-O 9. O-O a5 10. e5 Bb7
11. d5 cxd5 12. Nxb5 fxe5 13. Nxe5 Bf6 14. f4 Nc6 15. Nxc6 Bxc6 16. Nd4 Qb6 17. Kh1 Bxd4 18. Rb1 Bf6 19. Qc2 Bb5 20. Qf5 Qe6
21. Bg4 Qxf5 22. Bxf5 c3 23. Rfd1 cxb2 24. Rxd5 Bc4 25. Rc5 Bxa2 26. Rf1 Be7 27. Rb5 Bb4 28. h4 Bc4 29. Rxb4 axb4 30. Rb1 Ra1
31. Kh2 Rxb1 32. Bxb1 Ra8
0-1

[Event "lets play chess"]
[Site "SchemingMind.com"]
[Date "2010.10.03"]
[Round "-"]
[White "aprendix"]
[Black "Gaëtan Emond"]
[Result "1-0"]
[WhiteCountry "ESP"]
[BlackCountry "CAN"]
[WhiteElo "2221"]
[WhiteRD "194"]
[BlackElo "1615"]
[BlackRD "93"]
[GameID "261795"]

1. e4 Nf6 2. e5 Nd5 3. d4 d6 4. Nf3 Bg4 5. Be2 c6 6. O-O Bxf3 7. Bxf3 g6 8. exd6 Qxd6 9. c4 Nf6 10. Qb3 b6
11. Nc3 Bg7 12. Nb5 Qd8 13. Re1 O-O 14. Qa3 e6 15. Bf4 Nbd7 16. Bxc6 Rc8 17. Nxa7 Ra8 18. Bxa8 Qxa8 19. Bd6 Re8 20. Nb5 Qxa3
21. Nxa3 Ng4 22. Rad1 Ndf6 23. c5 bxc5 24. dxc5 Nd7 25. Nc4 Ra8 26. Nb6 Nxb6 27. cxb6 Rxa2 28. b7 Rxb2 29. b8=Q+ Rxb8 30. Bxb8 Bf6
31. h3 Nh6 32. g4 Be7 33. Bd6 Kf8 34. Re2 Ng8 35. Rc2
1-0

[Event "lets play chess"]
[Site "SchemingMind.com"]
[Date "2010.11.24"]
[Round "-"]
[White "Naoki_M"]
[Black "Salva"]
[Result "0-1"]
[WhiteCountry "JPN"]
[BlackCountry "ESP"]
[WhiteElo "1634"]
[WhiteRD "79"]
[BlackElo "1729"]
[BlackRD "122"]
[GameID "267370"]

1. e4 e5 2. Nf3 d5 3. exd5 Qxd5 4. Nc3 Qd6 5. Ne4 Qd5 6. Ng3 Bg4 7. Be2 e4 8. Nd4 Bxe2 9. Ngxe2 Nc6 10. c3 Nf6
11. h3 Bc5 12. O-O O-O 13. a3 Ne5 14. b4 Bxd4 15. Nxd4 b5 16. Bb2 Nc4 17. Qc2 Rfe8 18. Rfe1 Rad8 19. Rad1 Nh5 20. d3 exd3
21. Rxe8+ Rxe8 22. Rxd3 Nf4 23. Rg3 Qh5 24. Kh2 Qe5 25. Bc1 Nh5 26. Nf3 Qd6 27. Ng5 g6 28. h4 h6 29. Nh3 Nxg3 30. fxg3 Ne5
31. Nf4 Ng4+ 32. Kh3 Qd7 33. Qd2 Qf5 34. Nd3 Nf2+ 35. Kh2 Nxd3 36. Qxh6 Re1 37. Be3 Ne5
0-1

[Event "lets play chess"]
[Site "SchemingMind.com"]
[Date "2010.11.24"]
[Round "-"]
[White "Salva"]
[Black "Naoki_M"]
[Result "1-0"]
[WhiteCountry "ESP"]
[BlackCountry "JPN"]
[WhiteElo "1759"]
[WhiteRD "123"]
[BlackElo "1624"]
[BlackRD "87"]
[GameID "267376"]

1. e4 c5 2. Nc3 Nc6 3. g3 Nf6 4. Bg2 e5 5. d3 Be7 6. Qe2 O-O 7. Nd5 Nxd5 8. exd5 Nd4 9. Qd2 d6 10. Nh3 h6
11. c3 Nb5 12. O-O Bf5 13. a4 Nc7 14. c4 a5 15. Re1 Ne8 16. f4 Bf6 17. Qf2 Bxh3 18. Bxh3 Be7 19. fxe5 dxe5 20. Rxe5 Bf6
21. Rh5 Qe7 22. Bxh6 gxh6 23. Qf3 Bg5 24. Rd1 Ng7 25. Bg4 Ra6 26. h4 Nxh5 27. Bxh5 Rf6 28. Qe4 Qxe4 29. dxe4 Be3+ 30. Kh1 Bd4
31. b3 Rb6 32. Rd3 Kg7 33. Kg2 Kf6 34. Kf3 Be5 35. Re3 Rg8 36. Kg2 Rxg3+ 37. Rxg3 Bxg3 38. Kxg3 Rxb3+ 39. Kf4 Rb4 40. e5+ Ke7
41. d6+ Kd8 42. Bxf7 Rb6 43. Kf5 Rc6 44. Kf6 b5 45. cxb5 Rb6 46. Kf5 Kd7 47. Kg6 Kd8 48. Kxh6
1-0

[Event "lets play chess"]
[Site "SchemingMind.com"]
[Date "2011.10.15"]
[Round "-"]
[White "Professor"]
[Black "Salva"]
[Result "1-0"]
[WhiteCountry "USA"]
[BlackCountry "ESP"]
[WhiteElo "2316"]
[WhiteRD "99"]
[BlackElo "1769"]
[BlackRD "130"]
[GameID "294962"]

1. e4 e5 2. Nf3 Nc6 3. Bc4 Nf6 4. d3 Bc5 5. c3 O-O 6. O-O d6 7. Bb3 h6 8. Nbd2 a6 9. Re1 Ng4 10. Re2 Qf6
11. h3 Nxf2 12. Rxf2 Bxf2+ 13. Kxf2 Na5 14. Bc2 c5 15. Kg1 Qg6 16. Nh4 Qg3 17. Nf5 Bxf5 18. exf5 g5 19. Ne4 Qh4 20. Be3 c4
21. dxc4 Nxc4 22. Bf2 Qf4 23. Nf6+ Kh8 24. Nd5 Nxb2 25. Qh5
1-0

[Event "lets play chess"]
[Site "SchemingMind.com"]
[Date "2011.10.15"]
[Round "-"]
[White "Salva"]
[Black "Professor"]
[Result "0-1"]
[WhiteCountry "ESP"]
[BlackCountry "USA"]
[WhiteElo "1769"]
[WhiteRD "130"]
[BlackElo "2316"]
[BlackRD "99"]
[GameID "294969"]

1. e4 Nf6 2. e5 Nd5 3. d4 d6 4. Nf3 dxe5 5. Nxe5 c6 6. Bc4 Nd7 7. Nf3 N7b6 8. b3 Nxc4 9. bxc4 Nf6 10. h3 Bf5
11. Nc3 e6 12. Bg5 Bb4 13. Bd2 O-O 14. O-O Qa5 15. Ne2 Bxd2 16. Nxd2 Qa4 17. Nc3 Qxc2 18. Qxc2 Bxc2 19. c5 Rfd8 20. Rac1 Bd3
21. Rfe1 Rxd4 22. Nf3 Rdd8 23. Ne5 Ba6 24. g4 Nd5 25. Ne4 f6 26. Nf3 Nf4 27. Rc3 Ne2+
0-1

[Event "lets play chess"]
[Site "SchemingMind.com"]
[Date "2012.03.28"]
[Round "-"]
[White "Professor"]
[Black "aprendix"]
[Result "1-0"]
[WhiteCountry "USA"]
[BlackCountry "ESP"]
[WhiteElo "2340"]
[WhiteRD "88"]
[BlackElo "2147"]
[BlackRD "194"]
[GameID "306257"]

1. e4 c6 2. d4 d5 3. e5 Bf5 4. Nd2 e6 5. Nb3 Nd7 6. Nf3 a6 7. Be2 c5 8. O-O Rc8 9. c3 Qb6 10. Nh4 Be4
11. f3 Bg6 12. Nxg6 hxg6 13. f4 Nh6 14. g4 f6 15. a4 c4 16. Nd2 fxe5 17. fxe5 Nxe5 18. a5 Qa7 19. Qc2 Rc6 20. Nf3 Nhxg4
21. Nxe5 Nxe5 22. Kg2
1-0

[Event "lets play chess"]
[Site "SchemingMind.com"]
[Date "2012.03.28"]
[Round "-"]
[White "aprendix"]
[Black "Professor"]
[Result "1/2-1/2"]
[WhiteCountry "ESP"]
[BlackCountry "USA"]
[WhiteElo "2189"]
[WhiteRD "178"]
[BlackElo "2334"]
[BlackRD "86"]
[GameID "306260"]

1. e4 e5 2. Nf3 Nc6 3. Bb5 a6 4. Ba4 d6 5. c3 Bd7 6. d4 Nf6 7. O-O g6 8. Nbd2 b5 9. dxe5 Nxe5 10. Nxe5 dxe5
11. Bc2 Bg7 12. Nf3 Qe7 13. Bg5 h6 14. Bh4 Bc6 15. Qe2 O-O 16. h3 Rfd8 17. Rad1 Qc5 18. Nd2 Qb6 19. Kh1 Rd6 20. f3 Nh5
21. Nb3 Rad8 22. Bf2 Qb8 23. Qe3 Nf4 24. Bg3 Ne6 25. Rxd6 Rxd6 26. Rd1 Qd8=
1/2-1/2